[Event "WYCC 2018 G16"]
[Site "Halkidiki"]
[Date "2018.10.30"]
[Round "11"]
[White "Staravoitava, Hanna"]
[Black "Tejasvi M"]
[Result "1-0"]
[WhiteElo "1768"]
[BlackElo "1869"]
[Annotator "NA"]
[PlyCount "87"]
[EventDate "2018.10.20"]
[EventType "swiss"]
[EventCountry "GRE"]
[SourceTitle "playchess.com"]
[Source "ChessBase"]
[SourceQuality "1"]
[TimeControl "40/5400+30:1800+30"]

1. e4 {[%emt 0:00:00]} e5 {[%emt 0:00:09]} 2. Nf3 {[%emt 0:00:00]} Nc6 {[%emt 0:00:08]} 3. d4 {[%emt 0:00:00]} exd4 {[%emt 0:00:07]} 4. Nxd4 {[%emt 0:00:00]} Bc5 {[%emt 0:00:11]} 5. Nxc6 {[%emt 0:00:00]} Qf6 {[%emt 0:00:07]} 6. Qf3 {[%emt 0:00:00]} Qxf3 {[%emt 0:01:16]} 7. gxf3 {[%emt 0:00:00]} dxc6 {[%emt 0:00:13]} 8. Be3 {[%emt 0:00:07]} Bxe3 {[%emt 0:02:13]} 9. fxe3 {[%emt 0:00:06]} Be6 {[%emt 0:00:15]} 10. Nd2 {[%emt 0:00:05]} O-O-O {[%emt 0:01:34]} 11. Bc4 {[%emt 0:00:22]} Bxc4 {[%emt 0:10:55]} 12. Nxc4 {[%emt 0:00:06]} Nf6 {[%emt 0:02:34]} 13. Rg1 {[%emt 0:02:21]} g6 {[%emt 0:00:50]} 14. Ke2 {[%emt 0:00:21]} Rhe8 {[%emt 0:03:32]} 15. a4 {[%emt 0:02:12]} Nd7 {[%emt 0:14:41]} 16. Rad1 {[%emt 0:03:34]} Nb6 {[%emt 0:09:00]} 17. Nxb6+ {[%emt 0:01:54]} cxb6 {[%emt 0:00:07]} 18. Rxd8+ {[%emt 0:10:08]} Kxd8 {[%emt 0:01:03]} 19. h4 {[%emt 0:03:46]} Re6 {[%emt 0:06:01]} 20. h5 {[%emt 0:09:22]} Ke7 {[%emt 0:05:51]} 21. Rh1 {[%emt 0:02:16]} h6 {[%emt 0:16:00]} 22. hxg6 {[%emt 0:00:18]} Rxg6 {[%emt 0:00:07]} 23. f4 {[%emt 0:06:33]} Kf6 {[%emt 0:06:47]} 24. Kf3 {[%emt 0:09:25]} Kg7 {[%emt 0:00:41]} 25. e5 {[%emt 0:01:42]} Kh7 {[%emt 0:02:01]} 26. Rh2 {[%emt 0:01:45]} b5 {[%emt 0:02:34]} 27. axb5 {[%emt 0:00:49]} cxb5 {[%emt 0:00:06]} 28. Ke4 {[%emt 0:01:19]} a5 {[%emt 0:04:12]} 29. c3 {[%emt 0:04:56]} a4 {[%emt 0:00:38]} 30. Kd5 {[%emt 0:00:33]} Rc6 {[%emt 0:01:17]} 31. f5 {[%emt 0:00:40]} a3 {[%emt 0:00:13]} 32. bxa3 Rxc3 {[%emt 0:00:05]} 33. e4 {[%emt 0:02:33]} Rd3+ {[%emt 0:01:13]} 34. Kc5 {[%emt 0:00:21]} Re3 {[%emt 0:00:08]} 35. Rh4 {[%emt 0:00:07]} Rxa3 {[%emt 0:00:17]} 36. Kxb5 {[%emt 0:01:23]} Ra6 {[%emt 0:00:09]} 37. Kc5 {[%emt 0:01:48]} Kg7 {[%emt 0:01:34]} 38. Rh2 {[%emt 0:01:04]} Ra4 {[%emt 0:01:38]} 39. Re2 {[%emt 0:02:44]} h5 {[%emt 0:00:10]} 40. Kd6 {[%emt 0:00:00]} Rd4+ {[%emt 0:00:00]} 41. Ke7 {[%emt 0:00:52]} h4 {[%emt 0:02:28]} 42. e6 {[%emt 0:01:16]} fxe6 {[%emt 0:00:07]} 43. f6+ {[%emt 0:00:05]} Kh7 {[%emt 0:00:22]} 44. f7 {[%emt 0:00:11]} 1-0

[Event "WYCC 2018 G16"]
[Site "Halkidiki"]
[Date "2018.10.30"]
[Round "11"]
[White "Hovhannisyan, Mane"]
[Black "Esadze, Tamari"]
[Result "0-1"]
[WhiteElo "1730"]
[BlackElo "1911"]
[Annotator "NA"]
[PlyCount "56"]
[EventDate "2018.10.20"]
[EventType "swiss"]
[EventCountry "GRE"]
[SourceTitle "playchess.com"]
[Source "ChessBase"]
[SourceQuality "1"]
[TimeControl "40/5400+30:1800+30"]

1. Nf3 {[%emt 0:00:00]} Nf6 {[%emt 0:00:00]} 2. c4 {[%emt 0:00:00]} e6 {[%emt 0:00:00]} 3. Nc3 {[%emt 0:00:00]} Bb4 {[%emt 0:00:36]} 4. Qc2 {[%emt 0:00:00]} Bxc3 {[%emt 0:01:23]} 5. Qxc3 {[%emt 0:00:00]} b6 {[%emt 0:01:26]} 6. g3 {[%emt 0:00:20]} Bb7 {[%emt 0:00:05]} 7. Bg2 {[%emt 0:00:08]} O-O {[%emt 0:00:28]} 8. O-O {[%emt 0:01:35]} d6 {[%emt 0:00:35]} 9. a3 {[%emt 0:01:13]} Nbd7 {[%emt 0:01:11]} 10. b4 {[%emt 0:05:59]} c5 {[%emt 0:05:23]} 11. Bb2 {[%emt 0:00:20]} Qe7 {[%emt 0:04:44]} 12. d3 {[%emt 0:00:26]} d5 {[%emt 0:05:23] A17: Englische Eröffnung} 13. bxc5 {[%emt 0:07:52]} bxc5 $146 {[%emt 0:10:30]} ({Vorgänger:} 13... Nxc5 14. a4 Rfc8 15. a5 dxc4 16. Qxc4 b5 17. Qh4 Nd5 18. Qh5 b4 19. Rfb1 f6 20. Nd4 {0-1 (28) Cebalo,M (2540)-Kovacevic,B (2340) Medulin 1997}) 14. a4 {[%emt 0:02:36]} d4 {[%emt 0:15:05]} 15. Qc2 {[%emt 0:05:00]} e5 {[%emt 0:02:10]} 16. Nd2 {[%emt 0:01:37]} Bxg2 {[%emt 0:03:19]} 17. Kxg2 {[%emt 0:00:01]} Nh5 {[%emt 0:04:29]} 18. Ba3 {[%emt 0:01:25]} f5 {[%emt 0:00:32]} 19. Rab1 {[%emt 0:02:21]} Qd6 {[%emt 0:05:31]} 20. Rb2 {[%emt 0:18:50]} Rf6 {[%emt 0:02:40]} 21. Rfb1 {[%emt 0:02:07]} Rg6 $11 {[%emt 0:01:38]} 22. Rb5 {[%emt 0:07:36]} Qc6+ {[%emt 0:03:27]} 23. Kg1 {[%emt 0:05:19]} Nf4 {[%emt 0:02:10]} 24. Nf3 {[%emt 0:00:43]} e4 {[%emt 0:02:26]} 25. Nh4 {[%emt 0:12:42]} exd3 {[%emt 0:02:02]} 26. exd3 {[%emt 0:00:29]} Nh3+ {[%emt 0:07:41]} 27. Kf1 {[%emt 0:00:08]} Re8 {[%emt 0:06:22]} 28. Ng2 {[%emt 0:03:34]} Nf4 {[%emt 0:00:11]} 0-1

[Event "WYCC 2018 G16"]
[Site "Halkidiki"]
[Date "2018.10.30"]
[Round "11"]
[White "Simkunaite, Gabija"]
[Black "Plaza Reino, Mercedes"]
[Result "0-1"]
[WhiteElo "1650"]
[BlackElo "1727"]
[Annotator "NA"]
[PlyCount "80"]
[EventDate "2018.10.20"]
[EventType "swiss"]
[EventCountry "GRE"]
[SourceTitle "playchess.com"]
[Source "ChessBase"]
[SourceQuality "1"]
[TimeControl "40/5400+30:1800+30"]

1. e4 {[%emt 0:00:00]} c5 {[%emt 0:00:00]} 2. c3 {[%emt 0:00:00]} d5 {[%emt 0:00:00]} 3. exd5 {[%emt 0:00:00]} Qxd5 {[%emt 0:00:00]} 4. d4 {[%emt 0:00:22]} Nf6 {[%emt 0:00:15]} 5. Nf3 {[%emt 0:00:19]} Bg4 {[%emt 0:00:12]} 6. dxc5 {[%emt 0:01:04]} Qxd1+ {[%emt 0:04:27]} 7. Kxd1 {[%emt 0:00:07]} e5 {[%emt 0:08:00]} 8. b4 {[%emt 0:03:22]} e4 {[%emt 0:04:58]} 9. h3 {[%emt 0:00:43]} Bh5 {[%emt 0:05:59]} 10. g4 {[%emt 0:01:15]} Nxg4 {[%emt 0:01:05]} 11. hxg4 {[%emt 0:00:09]} Bxg4 {[%emt 0:00:05]} 12. Nbd2 {[%emt 0:01:56]} exf3 {[%emt 0:01:42]} 13. Bc4 {[%emt 0:01:49]} Nc6 {[%emt 0:12:20]} 14. Kc2 {[%emt 0:03:30]} Be7 {[%emt 0:04:12]} 15. Re1 {[%emt 0:03:22]} Kf8 {[%emt 0:02:00]} 16. Nb3 {[%emt 0:04:06]} Bf5+ {[%emt 0:07:42]} 17. Kb2 {[%emt 0:01:10]} Bf6 {[%emt 0:03:41]} 18. a3 {[%emt 0:07:32]} g5 {[%emt 0:02:50]} 19. Be3 {[%emt 0:04:05]} Ne5 {[%emt 0:09:53]} 20. Bf1 {[%emt 0:00:26]} Nd3+ {[%emt 0:08:58]} 21. Bxd3 {[%emt 0:00:07]} Bxd3 {[%emt 0:00:03]} 22. Rad1 {[%emt 0:00:32]} Bb5 {[%emt 0:05:50]} 23. Na5 {[%emt 0:01:53]} Rb8 {[%emt 0:03:46]} 24. Rd6 {[%emt 0:01:56]} Be7 {[%emt 0:04:22]} 25. Rd5 {[%emt 0:00:38]} h6 {[%emt 0:01:25]} 26. Bd4 {[%emt 0:01:35]} f6 {[%emt 0:01:51]} 27. Rf5 {[%emt 0:00:35]} Be2 {[%emt 0:01:22]} 28. c6 {[%emt 0:02:57]} b6 {[%emt 0:02:06]} 29. c7 {[%emt 0:00:57]} Rc8 {[%emt 0:00:21]} 30. Nc6 {[%emt 0:01:10]} Rxc7 {[%emt 0:01:15]} 31. Nxe7 {[%emt 0:00:10]} Rxe7 {[%emt 0:01:02]} 32. Rxf6+ {[%emt 0:00:52]} Ke8 {[%emt 0:01:49]} 33. Rh1 {[%emt 0:00:56]} Rhh7 {[%emt 0:01:26]} 34. Rfxh6 {[%emt 0:00:41]} Rxh6 {[%emt 0:00:11]} 35. Rxh6 {[%emt 0:00:09]} Bd3 {[%emt 0:01:41]} 36. Be3 {[%emt 0:00:29]} Rxe3 {[%emt 0:00:34]} 37. Rh2 {[%emt 0:01:27]} Re2+ {[%emt 0:00:15]} 38. Kb3 {[%emt 0:00:15]} g4 {[%emt 0:00:08]} 39. a4 {[%emt 0:00:47]} g3 {[%emt 0:00:18]} 40. Rh8+ {[%emt 0:00:00]} Kf7 {[%emt 0:00:00]} 0-1

[Event "WYCC 2018 G16"]
[Site "Halkidiki"]
[Date "2018.10.30"]
[Round "11"]
[White "Akti, Ezgi"]
[Black "Skaslien, Ingrid"]
[Result "0-1"]
[WhiteElo "1643"]
[BlackElo "1885"]
[Annotator "NA"]
[PlyCount "62"]
[EventDate "2018.10.20"]
[EventType "swiss"]
[EventCountry "GRE"]
[SourceTitle "playchess.com"]
[Source "ChessBase"]
[SourceQuality "1"]
[TimeControl "40/5400+30:1800+30"]

1. e4 {[%emt 0:00:00]} c5 {[%emt 0:00:00]} 2. Nf3 {[%emt 0:00:00]} Nc6 {[%emt 0:00:02]} 3. c3 {[%emt 0:02:06]} Qa5 {[%emt 0:00:14]} 4. Na3 {[%emt 0:11:49]} e6 {[%emt 0:02:03]} 5. Nc4 {[%emt 0:04:50]} Qc7 {[%emt 0:04:50]} 6. d4 cxd4 {[%emt 0:11:17]} 7. cxd4 {[%emt 0:04:59]} b5 {[%emt 0:03:32]} 8. Ne3 {[%emt 0:00:39]} Bb7 {[%emt 0:03:22]} 9. Bd2 {[%emt 0:04:03]} Nf6 {[%emt 0:06:05]} 10. d5 {[%emt 0:32:34]} Ne5 {[%emt 0:06:55]} 11. dxe6 {[%emt 0:07:04]} fxe6 {[%emt 0:00:41]} 12. Bxb5 {[%emt 0:06:16]} Bxe4 {[%emt 0:09:58]} 13. Qe2 {[%emt 0:08:06]} Nxf3+ {[%emt 0:07:14]} 14. gxf3 {[%emt 0:00:08]} Bc6 {[%emt 0:00:23]} 15. Bxc6 {[%emt 0:02:54]} Qxc6 {[%emt 0:00:17]} 16. Rc1 {[%emt 0:00:08]} Qb7 {[%emt 0:01:49]} 17. Bc3 {[%emt 0:01:53]} Bb4 {[%emt 0:01:32]} 18. O-O {[%emt 0:02:33]} Bxc3 {[%emt 0:02:05]} 19. Rxc3 {[%emt 0:00:01]} O-O {[%emt 0:00:35]} 20. Rd1 {[%emt 0:02:27]} Nh5 {[%emt 0:06:53]} 21. Ng4 {[%emt 0:02:15]} Nf4 {[%emt 0:01:22]} 22. Qd2 {[%emt 0:00:35]} Qb5 {[%emt 0:04:00]} 23. Kh1 {[%emt 0:04:09]} h5 {[%emt 0:06:41]} 24. Ne3 {[%emt 0:00:35]} Nh3 {[%emt 0:00:25]} 25. Ng2 {[%emt 0:00:38]} Rf5 {[%emt 0:03:09]} 26. f4 {[%emt 0:00:25]} Rd5 {[%emt 0:00:16]} 27. Qxd5 {[%emt 0:00:38]} Nxf2+ {[%emt 0:00:24]} 28. Kg1 {[%emt 0:00:05]} exd5 {[%emt 0:00:10]} 29. Rb3 {[%emt 0:00:14]} Qxb3 {[%emt 0:01:20]} 30. axb3 {[%emt 0:00:21]} Nxd1 {[%emt 0:00:05]} 31. Kf1 {[%emt 0:00:41]} Re8 {[%emt 0:00:15]} 0-1

[Event "WYCC 2018 G16"]
[Site "Halkidiki"]
[Date "2018.10.30"]
[Round "11"]
[White "Mairambekova, Aiperi"]
[Black "Bania, Eleni"]
[Result "1/2-1/2"]
[WhiteElo "1398"]
[BlackElo "1454"]
[Annotator "NA"]
[PlyCount "62"]
[EventDate "2018.10.20"]
[EventType "swiss"]
[EventCountry "GRE"]
[SourceTitle "playchess.com"]
[Source "ChessBase"]
[SourceQuality "1"]
[TimeControl "40/5400+30:1800+30"]

1. e4 {[%emt 0:00:00]} e5 {[%emt 0:00:00]} 2. Nf3 {[%emt 0:00:00]} Nc6 {[%emt 0:00:00]} 3. Bb5 {[%emt 0:00:00]} a6 {[%emt 0:00:00]} 4. Ba4 {[%emt 0:00:00]} Nf6 {[%emt 0:00:00]} 5. O-O {[%emt 0:00:12]} Nxe4 {[%emt 0:00:31]} 6. Re1 {[%emt 0:00:58]} Nc5 {[%emt 0:08:28]} 7. Bxc6 {[%emt 0:03:51]} dxc6 {[%emt 0:01:43]} 8. Nxe5 {[%emt 0:01:43]} Be7 {[%emt 0:09:52]} 9. d4 {[%emt 0:02:55]} Ne6 {[%emt 0:00:38]} 10. Be3 {[%emt 0:01:21]} O-O {[%emt 0:02:00]} 11. Nc3 {[%emt 0:05:23]} Bf6 {[%emt 0:19:22]} 12. f4 {[%emt 0:03:15]} Re8 {[%emt 0:04:40]} 13. Ne2 {[%emt 0:12:50]} Nf8 {[%emt 0:06:32]} 14. Ng3 {[%emt 0:03:36]} Bh4 {[%emt 0:02:31]} 15. Qh5 {[%emt 0:12:56]} Ng6 {[%emt 0:01:51]} 16. Rad1 {[%emt 0:20:45]} Nxe5 {[%emt 0:16:22]} 17. dxe5 {[%emt 0:00:22]} Qe7 {[%emt 0:00:28]} 18. f5 {[%emt 0:09:55]} Bxg3 {[%emt 0:03:32]} 19. hxg3 {[%emt 0:00:06]} g6 {[%emt 0:07:05]} 20. fxg6 {[%emt 0:03:00]} fxg6 {[%emt 0:00:17]} 21. Qh6 {[%emt 0:01:47]} Qg7 {[%emt 0:00:16]} 22. Qxg7+ {[%emt 0:02:36]} Kxg7 {[%emt 0:00:05]} 23. Bf4 {[%emt 0:02:03]} Be6 {[%emt 0:00:39]} 24. Rd2 {[%emt 0:01:20]} Rad8 {[%emt 0:00:58]} 25. Red1 {[%emt 0:02:27]} Rxd2 {[%emt 0:00:38]} 26. Rxd2 {[%emt 0:00:04]} h6 {[%emt 0:00:58]} 27. a4 {[%emt 0:01:25]} g5 {[%emt 0:04:58]} 28. Be3 {[%emt 0:00:05]} Kg6 {[%emt 0:00:28]} 29. Rf2 {[%emt 0:00:39]} Bf5 {[%emt 0:01:11]} 30. Bd4 {[%emt 0:00:23]} Rd8 {[%emt 0:00:55]} 31. c3 {[%emt 0:00:22]} h5 {[%emt 0:02:07]} 1/2-1/2

[Event "WYCC 2018 G16"]
[Site "Halkidiki"]
[Date "2018.10.30"]
[Round "11"]
[White "Sagar Siya"]
[Black "Pecorini, Angie"]
[Result "0-1"]
[WhiteElo "1310"]
[BlackElo "1847"]
[Annotator "NA"]
[PlyCount "104"]
[EventDate "2018.10.20"]
[EventType "swiss"]
[EventCountry "GRE"]
[SourceTitle "playchess.com"]
[Source "ChessBase"]
[SourceQuality "1"]
[TimeControl "40/5400+30:1800+30"]

1. e4 {[%emt 0:00:00]} c5 {[%emt 0:00:00]} 2. Nf3 {[%emt 0:00:00]} d6 {[%emt 0:00:00]} 3. d4 {[%emt 0:00:09]} cxd4 {[%emt 0:00:00]} 4. Nxd4 {[%emt 0:00:07]} Nf6 {[%emt 0:00:00]} 5. Nc3 {[%emt 0:00:11]} Nc6 {[%emt 0:00:00]} 6. f3 {[%emt 0:00:31]} e5 {[%emt 0:00:00]} 7. Nb3 {[%emt 0:00:06]} Be7 {[%emt 0:00:09]} 8. Be3 {[%emt 0:00:11]} O-O {[%emt 0:00:19]} 9. Qd2 {[%emt 0:00:11]} a5 {[%emt 0:00:05]} 10. Bb5 {[%emt 0:05:20]} Na7 {[%emt 0:00:07]} 11. Bd3 {[%emt 0:06:47]} Be6 {[%emt 0:00:10]} 12. O-O-O {[%emt 0:00:58]} Nc8 {[%emt 0:03:22]} 13. Kb1 {[%emt 0:01:47]} Nb6 {[%emt 0:02:41]} 14. g4 {[%emt 0:00:55]} Nc4 {[%emt 0:13:42]} 15. Bxc4 {[%emt 0:00:37]} Bxc4 {[%emt 0:00:05]} 16. g5 {[%emt 0:00:46]} Nd7 {[%emt 0:08:51]} 17. h4 {[%emt 0:01:07]} a4 {[%emt 0:05:18]} 18. Nc1 {[%emt 0:00:33]} f5 {[%emt 0:06:52]} 19. gxf6 {[%emt 0:01:30]} Rxf6 {[%emt 0:13:22]} 20. f4 {[%emt 0:03:52]} exf4 {[%emt 0:04:52]} 21. Bxf4 {[%emt 0:00:52]} Nc5 {[%emt 0:04:52]} 22. Rhg1 {[%emt 0:06:12]} Kh8 {[%emt 0:07:50]} 23. h5 {[%emt 0:05:36]} Bf7 {[%emt 0:10:05]} 24. Qg2 {[%emt 0:02:13]} Qf8 {[%emt 0:01:53]} 25. Bg5 {[%emt 0:08:28]} a3 {[%emt 0:09:49]} 26. Bxf6 {[%emt 0:03:53]} Bxf6 {[%emt 0:00:09]} 27. N1e2 {[%emt 0:06:02]} axb2 {[%emt 0:00:33]} 28. Nd5 {[%emt 0:01:54]} Bxd5 {[%emt 0:02:55]} 29. exd5 {[%emt 0:01:46]} Rxa2 {[%emt 0:00:50]} 30. c3 {[%emt 0:02:40]} Qa8 {[%emt 0:02:46]} 31. Qg4 {[%emt 0:01:48]} Ra4 {[%emt 0:01:54]} 32. Nd4 {[%emt 0:02:07]} Ra1+ {[%emt 0:01:45]} 33. Kc2 {[%emt 0:00:11]} Qa4+ {[%emt 0:00:39]} 34. Kd2 {[%emt 0:00:17]} Nb3+ {[%emt 0:00:32]} 35. Ke3 {[%emt 0:06:20]} Qe8+ {[%emt 0:00:24]} 36. Kf2 {[%emt 0:01:58]} Nc1 {[%emt 0:00:28]} 37. Nc2 {[%emt 0:03:49]} b1=Q {[%emt 0:00:34]} 38. Nxa1 {[%emt 0:00:21]} Qxa1 {[%emt 0:00:18]} 39. Rxc1 {[%emt 0:00:25]} Qb2+ {[%emt 0:00:20]} 40. Kg3 {[%emt 0:00:00]} Be5+ {[%emt 0:00:00]} 41. Kf3 {[%emt 0:01:34]} Qh2 {[%emt 0:14:12]} 42. Rh1 {[%emt 0:02:06]} Qf8+ {[%emt 0:01:31]} 43. Ke4 {[%emt 0:00:36]} Qhf4+ {[%emt 0:01:38]} 44. Qxf4 {[%emt 0:00:07]} Qxf4+ {[%emt 0:00:07]} 45. Kd3 {[%emt 0:00:05]} Qf3+ {[%emt 0:00:29]} 46. Kc4 {[%emt 0:00:20]} Qe4+ {[%emt 0:00:26]} 47. Kb3 {[%emt 0:00:16]} Qxd5+ {[%emt 0:00:25]} 48. Kb2 {[%emt 0:00:10]} Qb5+ {[%emt 0:01:02]} 49. Kc2 {[%emt 0:00:08]} Qc4 {[%emt 0:00:36]} 50. Kb2 {[%emt 0:00:13]} b5 {[%emt 0:00:50]} 51. Rhf1 {[%emt 0:00:17]} Kg8 {[%emt 0:02:19]} 52. Rfe1 {[%emt 0:00:24]} b4 {[%emt 0:02:45]} 0-1